MANAGEMENT OF ROOT-KNOT NEMATODE, Meloidogyne incognita (KOFOID AND WHITE) CHITWOOD IN VEGETABLE COWPEA (Record no. 371532)
[ view plain ]
| 000 -LEADER | |
|---|---|
| fixed length control field | 00477nam a22001457a 4500 |
| 005 - DATE AND TIME OF LATEST TRANSACTION | |
| control field | 20250903144926.0 |
| 008 - FIXED-LENGTH DATA ELEMENTS--GENERAL INFORMATION | |
| fixed length control field | 230811b |||||||| |||| 00| 0 eng d |
| 040 ## - CATALOGING SOURCE | |
| Transcribing agency | DDC |
| 082 ## - DEWEY DECIMAL CLASSIFICATION NUMBER | |
| Classification number | K631 P20 |
| Item number | DI 5 |
| 100 ## - MAIN ENTRY--PERSONAL NAME | |
| Personal name | DIVYA T.S |
| Dates associated with a name | 2020 |
| 245 ## - TITLE STATEMENT | |
| Title | MANAGEMENT OF ROOT-KNOT NEMATODE, Meloidogyne incognita (KOFOID AND WHITE) CHITWOOD IN VEGETABLE COWPEA |
| 260 ## - PUBLICATION, DISTRIBUTION, ETC. (IMPRINT) | |
| Place of publication, distribution, etc. | COLLEGE OF AGRICULTURE VELLAYANI |
| Name of publisher, distributor, etc. | DEPARTMENT OF NEMATOLOGY |
| Date of publication, distribution, etc. | 2020 |
| 700 ## - ADDED ENTRY--PERSONAL NAME | |
| Personal name | Dr. NISHA M.S |
| 942 ## - ADDED ENTRY ELEMENTS (KOHA) | |
| Source of classification or shelving scheme | Dewey Decimal Classification |
| Koha item type | Theses |
| Withdrawn status | Lost status | Source of classification or shelving scheme | Damaged status | Not for loan | Collection code | Home library | Current library | Date acquired | Total Checkouts | Full call number | Barcode | Date last seen | Price effective from | Koha item type |
|---|---|---|---|---|---|---|---|---|---|---|---|---|---|---|
| Dewey Decimal Classification | College of Agriculture, Vellayani | College of Agriculture, Vellayani | 11/08/2023 | K631 P20 DI 5 | KAU_COAV-Th2205 | 11/08/2023 | 11/08/2023 | Theses |
